Applied time series econometries

Time series econometrics is used for predicting future developments of variables of interest such as economic growth, stock market volatility or interest rates. A model has to be constructed, accordingly, to describe the data generation process and to estimate its parameters. Modern tools to accompl...

সম্পূর্ণ বিবরণ

সংরক্ষণ করুন:
গ্রন্থ-পঞ্জীর বিবরন
বিন্যাস: গ্রন্থ
ভাষা:Undetermined
প্রকাশিত: Cambridge, UK Cambridge University Press 2004
বিষয়গুলি:
ট্যাগগুলো: ট্যাগ যুক্ত করুন
কোনো ট্যাগ নেই, প্রথমজন হিসাবে ট্যাগ করুন!
Thư viện lưu trữ: Trung tâm Học liệu Trường Đại học Cần Thơ
LEADER 00995nam a2200205Ia 4500
001 CTU_116836
008 210402s9999 xx 000 0 und d
020 |c 41.75 
082 |a 330.0151955 
082 |b A648 
245 0 |a Applied time series econometries 
245 0 |c Edited by Helmut Lütkepohl, Markus Krätzig 
260 |a Cambridge, UK 
260 |b Cambridge University Press 
260 |c 2004 
520 |a Time series econometrics is used for predicting future developments of variables of interest such as economic growth, stock market volatility or interest rates. A model has to be constructed, accordingly, to describe the data generation process and to estimate its parameters. Modern tools to accomplish these tasks are provided in this volume, which also demonstrates by example how the tools can be applied. 
650 |a Time-series analysis,Econometrics 
650 |x Mathematical models 
904 |i Minh 
980 |a Trung tâm Học liệu Trường Đại học Cần Thơ